Ekonomika, management a inovace v chemickém a potravinářském průmyslu sborník mezinárodní vědecké konference : Praha, 9.-10.11.2017

Enregistré dans:
Détails bibliographiques
Collectivités auteurs: Ekonomika, management a inovace v chemickém a potravinářském průmyslu. Mezinárodní vědecká konference, Vysoká škola chemicko-technologická v Praze. Ústav ekonomiky a managementu
Autres auteurs: Botek, Marek, Zemanová, Petra
Format: Livre
Langue:tchèque
Publié: Praha Vysoká škola chemicko-technologická v Praze 2018
Édition:1. vydání
Sujets:
Tags: Ajouter un tag
Pas de tags, Soyez le premier à ajouter un tag!

MARC

LEADER 00000nlm a2200000 4500
001 0241798
005 20240514123544.0
020 |a 978-80-7592-014-0 
041 0 |a cze 
044 |a CZ 
245 1 0 |a Ekonomika, management a inovace v chemickém a potravinářském průmyslu  |b sborník mezinárodní vědecké konference : Praha, 9.-10.11.2017  |c editoři: Marek Botek, Petra Zemanová 
250 |a 1. vydání 
264 1 |a Praha  |b Vysoká škola chemicko-technologická v Praze  |c 2018 
300 |a online 138 s. 
610 2 0 |a hospodárstvo domáce 
610 2 0 |a riadenie priemyslu 
610 2 0 |a inovácia 
610 2 0 |a priemysel potravinársky 
610 2 0 |a priemysel chemický 
700 1 |a Botek, Marek 
700 1 |a Zemanová, Petra 
110 2 |a Ekonomika, management a inovace v chemickém a potravinářském průmyslu. Mezinárodní vědecká konference 
710 2 |a Vysoká škola chemicko-technologická v Praze. Ústav ekonomiky a managementu